<?xml version="1.0" encoding="UTF-8"?>
<record
    xmlns:xsi="http://www.w3.org/2001/XMLSchema-instance"
    xsi:schemaLocation="http://www.loc.gov/MARC21/slim http://www.loc.gov/standards/marcxml/schema/MARC21slim.xsd"
    xmlns="http://www.loc.gov/MARC21/slim">

  <leader>00437nam a2200169Ia 4500</leader>
  <controlfield tag="008">230718s9999    xx            000 0 und d</controlfield>
  <datafield tag="020" ind1=" " ind2=" ">
    <subfield code="a">9798179922490</subfield>
  </datafield>
  <datafield tag="041" ind1=" " ind2=" ">
    <subfield code="a">eng</subfield>
  </datafield>
  <datafield tag="082" ind1=" " ind2=" ">
    <subfield code="a">181.45</subfield>
    <subfield code="b">IRE</subfield>
  </datafield>
  <datafield tag="100" ind1=" " ind2=" ">
    <subfield code="a">Ireene C.</subfield>
    <subfield code="9">192966</subfield>
  </datafield>
  <datafield tag="245" ind1=" " ind2=" ">
    <subfield code="a">Yoga</subfield>
  </datafield>
  <datafield tag="260" ind1=" " ind2=" ">
    <subfield code="c">2007</subfield>
    <subfield code="b">Jaico Publishing House</subfield>
  </datafield>
  <datafield tag="300" ind1=" " ind2=" ">
    <subfield code="a">212</subfield>
  </datafield>
  <datafield tag="365" ind1=" " ind2=" ">
    <subfield code="c">Rs.</subfield>
    <subfield code="b">275.00</subfield>
  </datafield>
  <datafield tag="700" ind1=" " ind2=" ">
    <subfield code="a">Ireene C.</subfield>
    <subfield code="9">192966</subfield>
  </datafield>
  <datafield tag="906" ind1=" " ind2=" ">
    <subfield code="d">O:0247309-Jan-2012B:1011429-Nov-2011</subfield>
    <subfield code="c">GENRL</subfield>
    <subfield code="b">68.75</subfield>
  </datafield>
  <datafield tag="999" ind1=" " ind2=" ">
    <subfield code="c">329604</subfield>
    <subfield code="d">329604</subfield>
  </datafield>
  <datafield tag="952" ind1=" " ind2=" ">
    <subfield code="0">0</subfield>
    <subfield code="1">0</subfield>
    <subfield code="4">0</subfield>
    <subfield code="7">0</subfield>
    <subfield code="a">CCEP</subfield>
    <subfield code="b">CCEP</subfield>
    <subfield code="d">2012-01-09</subfield>
    <subfield code="e">Technical Book Services</subfield>
    <subfield code="f">GENRL</subfield>
    <subfield code="g">206.25</subfield>
    <subfield code="i">10114</subfield>
    <subfield code="o">181.45</subfield>
    <subfield code="p">CCEP-BK-40811</subfield>
    <subfield code="r">2023-07-18 00:00:00</subfield>
    <subfield code="t">68.75</subfield>
    <subfield code="v">275.00</subfield>
    <subfield code="w">2011-11-29</subfield>
    <subfield code="y">BK</subfield>
    <subfield code="z">040811</subfield>
  </datafield>
</record>
